Eclesiología (Record no. 176917)

MARC details
000 -LEADER
campo de control de longitud fija 00883nam a22002535i 4500
001 - NÚMERO DE CONTROL
campo de control 176917
003 - IDENTIFICADOR DE NÚMERO DE CONTROL
campo de control ES-MaACL
005 - FECHA Y HORA DE LA ÚLTIMA TRANSACCIÓN
campo de control 20230906220218.0
008 - DATOS DE LONGITUD FIJA--INFORMACIÓN GENERAL
campo de control de longitud fija 110218s1978 sp |||| | spa d
020 ## - NÚMERO INTERNACIONAL ESTÁNDAR DEL LIBRO
Número Internacional Estándar del Libro 84-220-0723-1
080 ## - NÚMERO DE LA CLASIFICACIÓN DECIMAL UNIVERSAL
Número de la Clasificación Decimal Universal 27-523(091)
100 1# - ENTRADA PRINCIPAL--NOMBRE DE PERSONA
Nombre de persona Dias, Patrick V.
9 (RLIN) 145272
245 10 - MENCIÓN DEL TÍTULO
Título Eclesiología
Resto del título : escritura y patrística hasta San Agustín ; traducción de Manuel Pozo.
260 ## - PUBLICACIÓN, DISTRIBUCIÓN, ETC.
Lugar de publicación, distribución, etc. Madrid :
Nombre del editor, distribuidor, etc. Biblioteca de Autores Cristianos,
Fecha de publicación, distribución, etc. 1978.
300 ## - DESCRIPCIÓN FÍSICA
Extensión X, 238 p. ;
Dimensiones 27 cm.
490 1# - MENCIÓN DE SERIE
Mención de serie Historia de los dogmas ;
Designación de volumen o secuencia t. 3, cuaderno 3a-b
504 ## - NOTA DE BIBLIOGRAFÍA, ETC.
Nota de bibliografía, etc. Bibliografía: p. 1.
650 #4 - PUNTO DE ACCESO ADICIONAL DE MATERIA--TÉRMINO DE MATERIA
Término de materia o nombre geográfico como elemento de entrada Iglesia-
Subdivisión general Historia de las doctrinas.
9 (RLIN) 141543
700 1# - ENTRADA AGREGADA--NOMBRE PERSONAL
Nombre de persona Camelot, Pierre-Thomas.
9 (RLIN) 145273
700 1# - ENTRADA AGREGADA--NOMBRE PERSONAL
Nombre de persona Pozo, Manuel.
9 (RLIN) 140213
830 0# - PUNTO DE ACCESO ADICIONAL DE SERIE-TÍTULO UNIFORME
Título uniforme Historia de los dogmas ;
Designación de volumen o secuencia t. 3, cuaderno 3a-b
9 (RLIN) 190300
852 ## - LOCALIZACIÓN
Ubicación ES-MaACL
Número de control de estantería E-14354
Encuadernación Olim P-1497
Holdings
Estatus retirado Estado de pérdida Estado de daño No para préstamo Biblioteca de origen Biblioteca actual Ubicación en estantería Fecha de adquisición Fuente de adquisición Total de préstamos Signatura topográfica completa Código de barras Visto por última vez Precio de reemplazo Tipo de ítem Koha
        Biblioteca del Ateneo de Madrid Biblioteca del Ateneo de Madrid Depósito 2 18/02/2011     E-14354 1185817 23/02/2023 23/02/2023 Libro impreso